К вопросу о моделировании теплового состояния тягового электродвигателя; Современные техника и технологии; Т. 1

Бібліографічні деталі
Parent link:Современные техника и технологии: X Юбилейная международная научно-практическая конференция студентов, аспирантов и молодых ученых, посвященная 400-летию г. Томска, Томск, 29 марта - 2 апреля 2004 г./ Томский политехнический университет.— , 2004
Т. 1.— 2004.— С. 275-277
Автор: Щербатов В. В.
Мова:Російська
Опубліковано: 2004
Предмети:
Формат: Частина з книги
KOHA link:https://koha.lib.tpu.ru/cgi-bin/koha/opac-detail.pl?biblionumber=183282

MARC

LEADER 00000naa2a2200000 4500
001 183282
005 20251205125935.0
035 |a (RuTPU)RU\TPU\book\198679 
090 |a 183282 
100 |a 20100709d2004 k y0rusy50 ca 
101 0 |a rus 
102 |a RU 
200 1 |a К вопросу о моделировании теплового состояния тягового электродвигателя  |f В. В. Щербатов 
320 |a Библиогр.: 5 назв. 
461 1 |0 (RuTPU)RU\TPU\book\66154  |t Современные техника и технологии  |o X Юбилейная международная научно-практическая конференция студентов, аспирантов и молодых ученых, посвященная 400-летию г. Томска, Томск, 29 марта - 2 апреля 2004 г.  |o труды  |f Томский политехнический университет  |d 2004 
463 0 |0 (RuTPU)RU\TPU\book\65882  |t Т. 1  |v С. 275-277  |d 2004 
610 1 |a тяговые электродвигатели 
610 1 |a тепловое состояние 
610 1 |a моделирование 
610 1 |a надежность 
610 1 |a температура 
610 1 |a измерение 
610 1 |a труды учёных ТПУ 
700 1 |a Щербатов  |b В. В. 
801 1 |a RU  |b 63413507  |c 20100709 
801 2 |a RU  |b 63413507  |c 20140329  |g RCR 
942 |c BK